<?xml version="1.0" encoding="UTF-8"?>
<collection xmlns="http://www.loc.gov/MARC21/slim">
 <record>
  <leader>01367nam a2200229Ia 4500</leader>
  <controlfield tag="001">TDMU_32466</controlfield>
  <controlfield tag="008">210410s9999    xx            000 0 und d</controlfield>
  <datafield tag="082" ind1=" " ind2=" ">
   <subfield code="a">495.9225</subfield>
  </datafield>
  <datafield tag="090" ind1=" " ind2=" ">
   <subfield code="b">CH500</subfield>
  </datafield>
  <datafield tag="100" ind1=" " ind2=" ">
   <subfield code="a">Bùi, QUốc Khánh</subfield>
  </datafield>
  <datafield tag="245" ind1=" " ind2="0">
   <subfield code="a">Tri thức dân gian của người Hà Nhì ở Lai Châu với tài nguyên thiên nhiên</subfield>
  </datafield>
  <datafield tag="245" ind1=" " ind2="0">
   <subfield code="b">Tìm hiểu và giới thiệu</subfield>
  </datafield>
  <datafield tag="245" ind1=" " ind2="0">
   <subfield code="c">Bùi Quốc Khánh, Lò Ngọc Biên, Vũ Văn Cương</subfield>
  </datafield>
  <datafield tag="260" ind1=" " ind2=" ">
   <subfield code="a">H.</subfield>
  </datafield>
  <datafield tag="260" ind1=" " ind2=" ">
   <subfield code="b">Hội nhà văn</subfield>
  </datafield>
  <datafield tag="260" ind1=" " ind2=" ">
   <subfield code="c">2017</subfield>
  </datafield>
  <datafield tag="300" ind1=" " ind2=" ">
   <subfield code="a">490 tr.</subfield>
  </datafield>
  <datafield tag="520" ind1=" " ind2=" ">
   <subfield code="a">Giới thiệu điều kiện tự nhiên và xã hội của dân tộc Hà Nhì; các đặc điểm truyền thống về kinh tế, tổ chức xã hội, văn hóa vật chất, văn hóa tinh thần, ngôn ngữ và văn nghệ dân gian, văn hóa Hà Nhì trong quá trình sinh tồn và phát triển.</subfield>
  </datafield>
  <datafield tag="650" ind1=" " ind2=" ">
   <subfield code="a">Văn hóa dân gian</subfield>
   <subfield code="x">Dân tộc Hà Nhì</subfield>
   <subfield code="z">Lai Châu (Việt Nam); Dân tộc Hà Nhì</subfield>
   <subfield code="x">Văn hóa</subfield>
   <subfield code="x">Tri thức dân gian</subfield>
   <subfield code="x">Tài nguyên thiên nhiên</subfield>
  </datafield>
  <datafield tag="700" ind1=" " ind2=" ">
   <subfield code="a">Hội Văn nghệ dân gian Việt Nam</subfield>
  </datafield>
  <datafield tag="856" ind1=" " ind2=" ">
   <subfield code="u">http://lrc.tdmu.edu.vn/opac/search/detail.asp?aID=2&amp;ID=32466</subfield>
  </datafield>
  <datafield tag="980" ind1=" " ind2=" ">
   <subfield code="a">Trung tâm Học liệu Trường Đại học Thủ Dầu Một</subfield>
  </datafield>
 </record>
</collection>
